000 00579nam a22001937a 4500
003 OSt
005 20260312050828.0
008 260312b |||||||| |||| 00| 0 eng d
020 _a971-574-089-8.
040 _aDWCL Main lib
_cOC
082 _aFil. 425 B523e 2005
100 _aBernardez, Edisteo B.
245 _aEnglish communication arts I
_cEdisteo B. Bernardez
260 _aQuezon City :
_bKatha Publishing Co., Inc.,
_cc2005..
300 _a241 p. ;
_c25 cm.
650 _a1. English language-Grammar.
650 _a2. Language arts.
942 _2ddc
_cBK - FIL
_kFil.
_n0
999 _c9016
_d9016